FIBA Basketball World Cup: All Teams Ever - Statistics

General Stats
  • This quiz has been taken 503 times
  • The average score is 44 of 56
Answer Stats
Apps Best Result Answer % Correct
18 Champions United States
100%
12 Champions Spain
98%
14 Champions Soviet Union/Russia
97%
14 Champions Argentina
96%
14 6th Canada
96%
9 8th China
96%
5 11th Japan
96%
18 Champions Brazil
95%
8 Third Place France
95%
6 Third Place Germany
95%
12 Fourth Place Australia
94%
6 Champions Serbia/Serbia and Montenegro
94%
8 Runners-Up Greece
92%
9 Fourth Place Italy
92%
5 8th Mexico
91%
6 Fourth Place New Zealand
91%
5 Third Place Lithuania
89%
3 7th Slovenia
89%
3 Third Place Chile
88%
3 Third Place Croatia
88%
5 Runners-Up Turkey
87%
3 9th Nigeria
86%
2 5th Poland
86%
6 5th Egypt
85%
3 19th Iran
85%
8 11th South Korea
85%
1 7th Colombia
84%
10 Champions Yugoslavia
83%
5 6th Czechia/Czechoslovakia
80%
4 11th Venezuela
80%
1 22nd Finland
79%
7 6th Uruguay
79%
4 Fourth Place Cuba
78%
4 7th Peru
78%
1 18th Ukraine
78%
6 Third Place Philippines
77%
1 13th Netherlands
76%
3 12th Dominican Republic
73%
14 Fourth Place Puerto Rico
72%
1 15th Algeria
70%
8 9th Angola
70%
2 7th Israel
70%
2 9th Paraguay
69%
5 14th Senegal
69%
2 20th Tunisia
69%
1 7th Bulgaria
68%
1 25th Montenegro
67%
1 8th Ecuador
65%
4 9th Panama
64%
2 Fourth Place Chinese Taipei*
59%
4 13th Ivory Coast
57%
2 23rd Jordan
57%
3 16th Lebanon
55%
1 21st Qatar
46%
1 13th Malaysia
37%
1 14th Central African Republic
25%
No matching quizzes found
Score Distribution
Percent of People with Each Score
Percentile by Number Answered
Your Score History
You have not taken this quiz